000
00210 a2200097 4500
001
11936
100
_a
Lipman, M.H.
245
_a
Political science
260
_a
_b
Barnes & Nobel books
_c
090
_c
9190
_d
9190
942
_a
NUST-CAE
_c
M
_c
36034
999
_c
247009
_d
247009